000 00773nai a2200205Ia 4500
003 IN-BaIIA
008 211028c9999 xx s 000 0 eng d
022 _a1045-9227 (Print)
022 _a1941-0093 (Online)
040 _cIIA Library
245 0 _aIEEE Transactions on Neural Networks
_h[eJournal]
260 _aNew York, USA
_bThe Institute of Electrical and Electronics Engineers, Inc. (IEEE)
310 _aMonthly
362 _a1(1); 1990 - 22(12); 2011
521 _bSubscribed through National Knowledge Resource Consortium (NKRC)
650 _a Communication, Networking and Broadcast Technologies
650 _aComputing and Processing
_948785
856 _uhttps://ieeexplore.ieee.org/servlet/opac?punumber=72
_yClick Here to Access eJournal
942 _cEJ
999 _c34710
_d34710